000 00328nam a22001217a 4500
005 20260624125431.0
020 _a9781009123365
082 _a32701 REI/U
245 _aUnderstanding war and peace/
_cedited bu Dan Reiter
260 _a. - UK
_b: Cambridge University Press
_c, 2024
300 _axvii+445 pages
942 _2ddc
_cREF
999 _c761017
_d761017